[Event ""]
[Site ""]
[Date "????.??.??"]
[Round "6"]
[White "Äàãàåâ Äìèòðèé"]
[Black "Êóòóåâà Íàòàëèÿ"]
[Result "0-1"]
[WhiteElo "2156"]
[BlackElo "1925"]
[Annotator ""]
[Source ""]
[Remark ""]

1.d4 d5 2.c4 c6 3.Nc3 Nf6 4.Nf3 e6 5.cxd5 cxd5 6.Bg5 Be7 7.e3
Nc6 8.Bd3 O-O 9.O-O Bd7 10.a3 a6 11.Qc2 h6 12.Bh4 b5 13.Nd2 Ne8
14.Bxe7 Qxe7 15.Nb3 Nd6 16.Nc5 Nc4 17.b3 Nb6 18.f4 f6 19.Rac1
Be8 20.Ne2 e5 21.fxe5 fxe5 22.Rxf8+ Qxf8 23.Rf1 Qe7 24.dxe5 Nxe5
25.Bf5 Bf7 26.Nf4 Nec4 27.bxc4 Qxc5 28.cxd5 Qxe3+ 29.Qf2 Nxd5
30.Nxd5 Qxf2+ 31.Rxf2 Bxd5 32.Rd2 Bc4 33.Bd3 Rc8 34.Kf2 Bxd3
35.Rxd3 Rc4 36.h3 Kf7 37.g4 Ke6 38.Kg3 Ke5 39.Kf3 g5 40.Ke3 a5
41.Rb3 b4 42.axb4 Rxb4 43.Rc3 a4 44.Rc5+ Kd6 45.Ra5 Rb3+ 46.Ke4
a3 47.Ra6+ Ke7 48.Rxh6 Rb4+ 49.Kf5 Rb5+ 50.Kg6 Rb6+ 51.Kxg5 Rxh6
52.Kxh6 a2 53.g5 a1Q 54.Kh7 Kf8 55.Kg6 Qh1 0-1

[Event ""]
[Site ""]
[Date "????.??.??"]
[Round "6"]
[White "Ëþøèí Ìàêñèì"]
[Black "Ïîëîíîâñêèé Ãðèãîðèé"]
[Result "1-0"]
[WhiteElo "2000"]
[BlackElo "2141"]
[Annotator ""]
[Source ""]
[Remark ""]

1.e4 c5 2.Nf3 Nc6 3.Bb5 g6 4.O-O Bg7 5.Nc3 e5 6.d3 Nge7 7.Be3
Nd4 8.Bc4 a6 9.Ng5 O-O 10.f4 b5 11.Bxf7+ Rxf7 12.Nxf7 Kxf7 13.f5
Bf6 14.fxg6+ Nxg6 15.Nd5 Nf4 16.Bxf4 exf4 17.Rxf4 d6 18.Qh5+
Kg7 19.Nxf6 Qxf6 20.Rxf6 Kxf6 21.Rf1+ 1-0

[Event ""]
[Site ""]
[Date "????.??.??"]
[Round "6"]
[White "Äåðÿáèíà Ñâåòëàíà"]
[Black "Õîáîòîâà Îëåñÿ"]
[Result "1/2-1/2"]
[WhiteElo "2133"]
[BlackElo "1931"]
[Annotator ""]
[Source ""]
[Remark ""]

1.e4 d5 2.exd5 Qxd5 3.Nc3 Qd6 4.Nf3 Nf6 5.d3 a6 6.Be3 Nc6 7.h3
h6 8.Qd2 g5 9.g4 Bg7 10.Bg2 Be6 11.O-O-O O-O-O 12.Ng1 Nb4 13.a3
Nbd5 14.Nge2 Nxc3 15.Nxc3 Bd5 16.f3 Qc6 17.Ne4 Nxe4 18.fxe4 Be6
19.Qb4 Qb5 20.Qxb5 axb5 21.Bc5 Rhe8 22.Rhf1 Be5 23.Be3 Bd4 24.Bd2
c5 25.c3 Bf6 26.Be3 b4 27.Bxc5 bxc3 28.bxc3 Bb3 29.d4 Bxd1 30.Rxd1
e6 31.Rf1 Be7 32.Bb4 Rd7 33.Kb2 Rh8 34.Kb3 Bxb4 35.axb4 h5 36.Bf3
h4 37.Be2 Kd8 38.Bb5 Rc7 39.d5 Ke7 40.c4 exd5 41.exd5 Rd8 42.Rd1
b6 43.Kc3 Ra7 44.Kb3 Rc7 45.Re1+ Kd6 46.Rf1 Re7 47.Rf3 Kc7 48.Kc3
Ra8 49.Kd4 Ra1 50.c5 bxc5+ 51.bxc5 Rd1+ 52.Bd3 Kd8 53.d6 Ra7
54.c6 Ra6 55.Kc5 Rc1+ 56.Bc4 Rxc6+ 57.Kxc6 Rxc4+ 58.Kd5 Rc1 59.Rxf7
Rd1+ 60.Ke6 Re1+ 61.Kf6 Rh1 62.Kxg5 Rxh3 63.Rh7 Rd3 64.Kxh4 Rxd6
65.g5 Ke8 66.Kh5 Kf8 67.Rh6 Rd1 68.Ra6 Kg7 69.Ra7+ Kg8 70.Kh6
Rd6+ 71.g6 Rd8 72.Rf7 Rd1 73.Rf5 Rh1+ 74.Kg5 Kg7 75.Rf7+ Kg8 1/2-1/2

[Event ""]
[Site ""]
[Date "????.??.??"]
[Round "6"]
[White "Ãàðãîëèí Ïàâåë"]
[Black "Ìèðîíîâà Íàòàëüÿ"]
[Result "1-0"]
[WhiteElo "2111"]
[BlackElo "1844"]
[Annotator ""]
[Source ""]
[Remark ""]

1.e4 e6 2.d4 d5 3.Nd2 c5 4.exd5 Qxd5 5.Ngf3 cxd4 6.Bc4 Qc5 7.O-O
g6 8.Re1 Nc6 9.Bb3 Nf6 10.Nc4 Bg7 11.Bf4 O-O 12.Bd6 Qf5 13.Bxf8
Bxf8 14.Nxd4 Nxd4 15.Qxd4 Bc5 16.Qd8+ Kg7 17.Ne3 Qf4 18.Rad1
Ne4 19.Rd2 Nxd2 20.Qxd2 b6 21.Qc3+ Kg8 22.Rd1 Bb7 23.Bxe6 Bxe3
24.fxe3 Qe4 25.Bh3 1-0

[Event ""]
[Site ""]
[Date "????.??.??"]
[Round "6"]
[White "Äåìåíòüåâ Îëåã"]
[Black "Ìàòâååâ Âëàäèìèð"]
[Result "0-1"]
[WhiteElo "1991"]
[BlackElo "2110"]
[Annotator ""]
[Source ""]
[Remark ""]

1.d4 d5 2.Nf3 c5 3.Bf4 cxd4 4.Nxd4 Nc6 5.e3 Nf6 6.Nd2 e6 7.N2f3
Bd6 8.Bg5 O-O 9.Nxc6 bxc6 10.Qd4 e5 11.Qc3 Qb6 12.Qb3 Qa5+ 13.c3
Bf5 14.Bxf6 Rab8 15.Qd1 Rxb2 16.Rc1 gxf6 17.Bd3 e4 18.Bb1 Rxb1
19.Rxb1 exf3 20.Rc1 Ba3 21.Qxf3 Bxc1 22.O-O Be4 23.Qxf6 Bd2 0-1

[Event ""]
[Site ""]
[Date "????.??.??"]
[Round "6"]
[White "Ëàãàøèí Ïàâåë"]
[Black "Ëîçáåíåâ Ïàâåë"]
[Result "0-1"]
[WhiteElo "1986"]
[BlackElo "2073"]
[Annotator ""]
[Source ""]
[Remark ""]

1.c4 c6 2.e4 g6 3.d4 Bg7 4.Nc3 d6 5.Be3 e5 6.d5 f5 7.f3 Nf6 8.Qd2
fxe4 9.fxe4 cxd5 10.cxd5 O-O 11.Nf3 Nh5 12.O-O-O Nf4 13.Bc4 Bg4
14.Rdf1 Nd7 15.h3 Bxf3 16.Rxf3 Rc8 17.Bb3 Nc5 18.Bc2 b5 19.Nxb5
Nxe4 20.Qd1 Nxg2 21.Rxf8+ Qxf8 22.Bxa7 Qf4+ 23.Kb1 Nd2+ 24.Ka1
e4 25.Rg1 Ne3 26.Bxe3 Qxe3 27.Re1 Rxc2 0-1

[Event ""]
[Site ""]
[Date "????.??.??"]
[Round "6"]
[White "Òàðàñîâ Âàëåðèé"]
[Black "Õðàìöîâà Åëåíà"]
[Result "0-1"]
[WhiteElo "1963"]
[BlackElo "2071"]
[Annotator ""]
[Source ""]
[Remark ""]

1.Nf3 d5 2.d3 c6 3.Nbd2 Nf6 4.e4 dxe4 5.dxe4 Bg4 6.h3 Bh5 7.e5
Bxf3 8.Qxf3 Nd5 9.e6 fxe6 10.Bd3 Nf6 11.O-O Nbd7 12.Re1 e5 13.Qf5
Qa5 14.c3 g6 15.Qg5 O-O-O 16.b4 Qc7 17.Bf1 Bg7 18.Nf3 Nd5 19.Bb2
Bf6 20.Qd2 N7b6 21.c4 Nf4 22.Qc2 Nd7 23.Qe4 Rhf8 24.Rad1 Ne6
25.c5 Ng5 26.Nxg5 Bxg5 27.Qg4 Bf6 28.Bc4 Kb8 29.Rd2 e4 30.Qxe4
Bxb2 31.Rxb2 e5 32.Rd2 Rde8 33.Rd6 Nf6 34.Qh4 Qg7 35.Red1 g5
36.Qg3 Ne4 37.Qe3 Nxd6 38.cxd6 Rd8 39.b5 Qf6 40.bxc6 Rxd6 41.Rxd6
Qxd6 42.Be2 bxc6 43.Bf3 h6 44.Qb3+ Kc7 45.Qa4 Qc5 46.Qe4 Qc1+ 0-1

[Event ""]
[Site ""]
[Date "????.??.??"]
[Round "6"]
[White "Ñåðãèåíêî Àíòîí"]
[Black "Îðëîâöåâ Àëåêñàíäð"]
[Result "0-1"]
[WhiteElo "1902"]
[BlackElo "2058"]
[Annotator ""]
[Source ""]
[Remark ""]

1.d4 Nf6 2.c4 e6 3.Nc3 Bb4 4.Qc2 d5 5.e3 O-O 6.Nf3 c5 7.cxd5
exd5 8.Be2 Ne4 9.O-O Bf5 10.Bd3 Bxc3 11.bxc3 c4 12.Bxe4 Bxe4
13.Qd1 Re8 14.Ne1 Nd7 15.f3 Bg6 16.Rf2 Nf6 17.Qa4 Qc7 18.Rb2
b6 19.Nc2 Re6 20.Nb4 Rae8 21.Qb5 Qd6 22.a4 a5 23.Nc2 Rd8 24.Na3
h5 25.Qa6 Ne8 26.Nb5 Qe7 27.Rf2 Bd3 28.Qa7 Rd7 29.Qb8 Kh7 30.h3
g5 31.g4 h4 32.Qh2 Nf6 33.Ba3 Qd8 34.Re1 Kg7 35.Kh1 Ne8 36.Kg1
Nc7 37.Nxc7 Rxc7 38.f4 Rb7 39.f5 Re4 40.Qd6 Qxd6 41.Bxd6 f6 42.Rb2
Re8 43.Kf2 Rd8 44.Bh2 Kf7 45.Rc1 Ke7 46.Re1 Kd7 47.Rc1 Kc6 48.Rb5
Re7 49.Rb2 Rde8 50.Re1 Rb7 51.Rb5 Bc2 52.Rb2 Bxa4 53.Ra1 Bb3
54.Ke2 a4 55.Kd2 b5 56.Bg1 Kb6 57.Bh2 Rd7 58.Bg1 Ka5 59.Bf2 b4
60.Be1 0-1

[Event ""]
[Site ""]
[Date "????.??.??"]
[Round "?"]
[White "Ñìèðíîâ Íèêîëàé"]
[Black "Øìàðèíà Äàðüÿ"]
[Result "1-0"]
[WhiteElo "2083"]
[BlackElo "1757"]
[Annotator ""]
[Source ""]
[Remark ""]

1.d4 Nf6 2.c4 e5 3.dxe5 Ng4 4.Nf3 Bc5 5.e3 Nc6 6.a3 a5 7.Nc3
Ngxe5 8.b3 d6 9.h3 Qf6 10.Nxe5 Qxe5 11.Bb2 O-O 12.Qd2 Qe6 13.Nd5
Bb6 14.O-O-O Rd8 15.Qc3 f6 16.g4 Rd7 17.Bd3 Rf7 18.Bf5 Qe8 19.Nxb6
cxb6 20.Rxd6 Bxf5 21.gxf5 Qe4 22.Rg1 Raf8 23.Qd3 Qf3 24.e4 Qxf2
25.Qg3 Qxg3 26.Rxg3 Re7 27.Bxf6 Rxf6 28.Rxf6 Rxe4 29.Re6 Rf4
30.f6 g6 31.Rd6 a4 32.Kb2 Na5 33.Re3 Kf8 34.Re7 Rf2+ 35.Kc3 Rf3+
36.Kd2 Rxf6 1-0

[Event ""]
[Site ""]
[Date "????.??.??"]
[Round "?"]
[White "Àëèåâà Íóðëàíà"]
[Black "Ôèëîíåíêî Åëåíà"]
[Result "1-0"]
[WhiteElo "1873"]
[BlackElo "1559"]
[Annotator ""]
[Source ""]
[Remark ""]

1.e4 c5 2.d3 d6 3.Be2 g6 4.f4 Bg7 5.Nf3 Nf6 6.O-O Nc6 7.c3 Qb6
8.Kh1 h5 9.Na3 a6 10.Nc4 Qa7 11.e5 dxe5 12.fxe5 Ng4 13.d4 b5
14.Ne3 cxd4 15.cxd4 Ncxe5 16.Nxe5 Nxe3 17.Bxe3 Bxe5 18.dxe5 Qxe3
19.Qd5 O-O 20.Qxa8 Qxe2 21.Rac1 h4 22.Qf3 Qxb2 23.Rxc8 Qxa2 24.Rxf8+
Kxf8 1-0

[Event ""]
[Site ""]
[Date "????.??.??"]
[Round "6"]
[White "Ïèùóðèíà Åêàòåðèíà"]
[Black "Êîëåñíèêîâ Ëåâ"]
[Result "1-0"]
[WhiteElo "1902"]
[BlackElo "1819"]
[Annotator ""]
[Source ""]
[Remark ""]

1.e4 c5 2.Nf3 g6 3.d4 cxd4 4.Nxd4 Bg7 5.Be3 Nc6 6.Nc3 d6 7.Qd2
Nf6 8.f3 O-O 9.O-O-O a6 10.g4 Bd7 11.h4 Nxd4 12.Bxd4 Bc6 13.h5
b5 14.hxg6 fxg6 15.Qg5 e6 16.Qh4 Qe7 17.Rh3 Rf7 18.Kb1 b4 19.Ne2
e5 20.Be3 Bh8 21.Ng3 Bb5 22.Rh2 Bxf1 23.Nxf1 Ne8 24.Qg3 a5 25.Bc1
a4 26.Ne3 Bg7 27.Rd5 Nc7 28.Rd3 Bf8 29.Bd2 Rb8 30.Nc4 Qe6 31.Ne3
Be7 32.g5 Na6 33.Ng4 Kg7 34.Qh4 Kf8 35.Nh6 Rg7 36.f4 exf4 37.Qxf4+
Ke8 38.Be3 Nc5 39.Bxc5 Rd8 40.Bxb4 Bf8 1-0

[Event ""]
[Site ""]
[Date "????.??.??"]
[Round "7"]
[White "Ãóáàéäóëëèí Àëåêñåé"]
[Black "Ëàâðèê Äìèòðèé"]
[Result "1-0"]
[WhiteElo "2441"]
[BlackElo "2387"]
[Annotator ""]
[Source ""]
[Remark ""]

1.c4 c5 2.g3 Nc6 3.Bg2 g6 4.Nc3 Bg7 5.e3 e5 6.Nge2 Nge7 7.Rb1
O-O 8.a3 a5 9.d3 d6 10.O-O Rb8 11.Nd5 b5 12.cxb5 Rxb5 13.Qa4
Ba6 14.Bd2 Qb8 15.Bc3 Bc8 16.Qh4 Nxd5 17.Bxd5 Bd7 18.f4 Kh8 19.fxe5
Nxe5 20.Bxe5 Bxe5 21.Rxf7 Rxf7 22.Bxf7 Qf8 23.Bc4 Rxb2 24.Rxb2
Bxb2 25.e4 Qe8 26.d4 1-0

[Event ""]
[Site ""]
[Date "????.??.??"]
[Round "7"]
[White "Çàáîòèí Àëåêñàíäð"]
[Black "Áðàãèí Àëåêñàíäð"]
[Result "1/2-1/2"]
[WhiteElo "2491"]
[BlackElo "2396"]
[Annotator ""]
[Source ""]
[Remark ""]

1.d4 Nf6 2.Nf3 g6 3.Bf4 Bg7 4.e3 O-O 5.Be2 d6 6.h3 Nbd7 7.O-O
e6 8.c4 Qe7 9.Nc3 e5 10.Bh2 e4 11.Nd2 Re8 12.b4 Nf8 13.Qb3 h5
14.c5 Bf5 15.cxd6 cxd6 16.Nb5 Red8 17.Rac1 Ne8 18.Rc2 Nh7 19.Rfc1
Nhf6 20.a4 Bf8 21.d5 Bg7 22.a5 a6 23.Nc7 Nxc7 24.Rxc7 Rd7 25.Rxd7
Bxd7 26.Rc7 Rb8 27.Rc1 Ne8 28.b5 axb5 29.Bxb5 Bxb5 30.Qxb5 Ra8
31.Rc4 f5 32.Nb3 Bf6 33.Rb4 Bc3 34.Rc4 Bf6 35.g4 hxg4 36.hxg4
Be5 37.Bxe5 dxe5 38.Rc1 Rd8 39.Kf1 Nf6 40.gxf5 gxf5 41.Qc5 Qh7
42.d6 Qh1+ 43.Ke2 Qf3+ 44.Ke1 Ng4 45.Rc2 Qh1+ 46.Ke2 Qf3+ 47.Ke1
Qh1+ 48.Ke2 Qf3+ 49.Ke1 1/2-1/2

[Event ""]
[Site ""]
[Date "????.??.??"]
[Round "7"]
[White "Äîáðîâ Âëàäèìèð"]
[Black "Àëåøèí Îëåã"]
[Result "1-0"]
[WhiteElo "2519"]
[BlackElo "2374"]
[Annotator ""]
[Source ""]
[Remark ""]

1.e4 c6 2.d4 d5 3.exd5 cxd5 4.c4 Nf6 5.Nc3 e6 6.c5 Be7 7.Nf3
O-O 8.Qc2 b6 9.b4 a5 10.Na4 bxc5 11.bxc5 Ba6 12.Nb6 Ra7 13.Ne5
Bxf1 14.Kxf1 Qc7 15.Nd3 Nc6 16.Bf4 Qb7 17.Be3 Ng4 18.Rb1 Qa6
19.Ke2 e5 20.dxe5 d4 21.Bf4 Ngxe5 22.Bxe5 Nxe5 23.Rhd1 Re8 24.Qa4
Kf8 25.Qb5 Nxd3 26.Kxd3 Qxb5+ 27.Rxb5 Rd8 28.a4 Ke8 29.Kc4 Bf6
30.Nd5 Rad7 31.c6 Rd6 32.Re1+ Kf8 33.c7 Rc8 34.Kc5 Rdd8 35.Kb6
Re8 36.Rxe8+ Kxe8 37.Nxf6+ gxf6 1-0

[Event ""]
[Site ""]
[Date "????.??.??"]
[Round "?"]
[White "Îêðóãèí Ñåðãåé"]
[Black "Ìèðçàíóðîâ Áóëàò"]
[Result "0-1"]
[WhiteElo "2354"]
[BlackElo "2321"]
[Annotator ""]
[Source ""]
[Remark ""]

1.e4 c5 2.Nf3 e6 3.d4 cxd4 4.Nxd4 a6 5.Bd3 Bc5 6.Nb3 Ba7 7.Qe2
d6 8.Be3 Ne7 9.O-O e5 10.Nc3 O-O 11.Rad1 Nbc6 12.Bc4 b5 13.Bd5
Nxd5 14.Nxd5 Be6 15.Rd2 f5 16.exf5 Bxd5 17.Rxd5 Ne7 18.Rd2 Nxf5
19.Bxa7 Rxa7 20.c4 bxc4 21.Qxc4+ Kh8 22.Rd3 a5 23.Qd5 a4 24.Nd2
Nd4 25.Kh1 Ra5 26.Qb7 Rb5 27.Qa7 Rxb2 28.Qxa4 Qb8 29.Nf3 Nxf3
30.gxf3 h6 31.Qc6 Rxf2 32.Rxf2 Qb1+ 33.Kg2 Qxd3 34.Qc2 Qa3 35.Qb2
Qa8 36.Qb4 Qd8 37.Rd2 Qg5+ 38.Kh1 Qe3 39.Qxd6 Qxf3+ 40.Rg2 Rc8
41.Qd2 Rc4 42.Kg1 Rd4 43.Rf2 Qg4+ 44.Rg2 Qd7 45.Qc3 Rd1+ 46.Kf2
Rd2+ 47.Kg1 Qa7+ 48.Kf1 Qf7+ 0-1

[Event ""]
[Site ""]
[Date "????.??.??"]
[Round "7"]
[White "Çàñûïêèí Àëåêñåé"]
[Black "Èëþøêèí Åâãåíèé"]
[Result "1-0"]
[WhiteElo "2195"]
[BlackElo "2351"]
[Annotator ""]
[Source ""]
[Remark ""]

1.d4 Nf6 2.c4 c5 3.d5 e5 4.Nc3 d6 5.e4 Be7 6.Nf3 O-O 7.Be2 Ne8
8.O-O g6 9.a3 Ng7 10.b4 Nd7 11.Ne1 f5 12.Nd3 b6 13.Rb1 fxe4 14.Nxe4
Nf6 15.f3 Nxe4 16.fxe4 Rxf1+ 17.Bxf1 Bd7 18.bxc5 bxc5 19.Qb3
Ne8 20.Be2 Bg5 21.Bxg5 Qxg5 22.Nf2 Nf6 23.Qg3 Qd2 24.Qd3 Qa5
25.Qe3 Rf8 26.Bf3 Kg7 27.g3 Rf7 28.Kg2 Bc8 29.h4 h5 30.Be2 Qa6
31.Rb8 Bd7 32.Rb1 Bg4 33.Bxg4 Nxg4 34.Nxg4 hxg4 35.Rb5 Qa4 36.Qb3
Qxb3 37.Rxb3 Rc7 38.a4 Kf7 39.a5 Ke7 40.Rb8 Kd7 41.Rg8 Rb7 42.Rg7+
Kc8 43.Rxg6 Rb2+ 44.Kg1 Rb1+ 45.Kf2 Rb2+ 46.Kf1 Rc2 47.Rxg4 Rxc4
48.h5 Rc1+ 49.Ke2 Rc2+ 50.Kd1 Rh2 51.Rh4 Rf2 52.h6 Rf8 53.g4
Kd8 54.g5 Ke7 55.g6 Kf6 56.g7 Rb8 57.Rg4 1-0

[Event ""]
[Site ""]
[Date "????.??.??"]
[Round "7"]
[White "Òóìàêîâ Äìèòðèé"]
[Black "Øêàëîâ Îëåã"]
[Result "1/2-1/2"]
[WhiteElo "2312"]
[BlackElo "2222"]
[Annotator ""]
[Source ""]
[Remark ""]

1.d4 Nf6 2.Nc3 d6 3.e4 g6 4.Bg5 Bg7 5.Qd2 Nbd7 6.Bh6 Bxh6 7.Qxh6
c6 8.Nf3 e5 9.dxe5 dxe5 10.O-O-O Qe7 11.Bc4 b5 12.Bxb5 cxb5 13.Nxb5
Qc5 14.Nd6+ Ke7 15.Ng5 Rf8 16.Rd2 Rb8 17.c3 Ba6 18.Rhd1 Bc4 19.Qh4
Be6 20.Nxe6 fxe6 21.Qh6 Rg8 22.g4 Nf8 23.Qg5 h6 24.Qxh6 g5 25.h4
Rg6 26.Qh8 gxh4 27.f3 Qe3 28.Qxh4 Rd8 29.Kb1 Rd7 30.Qg3 Nxg4
31.Rd3 Nf6 32.Qxe5 Rg5 33.Qxf6+ Kxf6 34.Rxe3 Ke5 35.Rf1 Kxd6
36.Re2 e5 37.f4 exf4 38.Rxf4 Ne6 39.Rd2+ Ke5 40.Rxd7 Kxf4 41.Rxa7
Kxe4 42.a4 Kd3 43.Rd7+ Kc4 44.Ka2 Ra5 45.b3+ Kxc3 46.Ka3 Nd4
47.Rc7+ Kd3 48.Rd7 Kc3 49.Rc7+ Kd3 50.Kb2 Ne6 51.Rh7 Ra6 52.Ka3
Nc5 53.Kb4 Nxb3 54.Kxb3 Rb6+ 55.Ka3 Kc4 56.Rc7+ Kd5 57.a5 Rc6
58.Rb7 Rc1 59.Ka4 Kc6 60.Rb6+ Kc5 61.Rb5+ Kc4 1/2-1/2

[Event ""]
[Site ""]
[Date "????.??.??"]
[Round "7"]
[White "Ñàìîéëîâ Àíòîí"]
[Black "Ãîðäèåâñêèé Äìèòðèé"]
[Result "1-0"]
[WhiteElo "2258"]
[BlackElo "2201"]
[Annotator ""]
[Source ""]
[Remark ""]

1.d4 d5 2.c4 Nc6 3.Nf3 Bg4 4.Qa4 Bxf3 5.gxf3 e6 6.e3 a6 7.Bd2
Nf6 8.cxd5 exd5 9.Nc3 Be7 10.O-O-O O-O 11.Ne2 b5 12.Qc2 Nb4 13.Bxb4
Bxb4 14.Nf4 Bd6 15.Nd3 c6 16.Kb1 Qb6 17.h4 b4 18.Rc1 Rfc8 19.Bh3
Rc7 20.Qa4 c5 21.dxc5 Bxc5 22.Nxb4 Bxb4 23.Rxc7 Qxc7 24.Qxb4
Rb8 25.Qd4 h6 26.Bf5 Qd6 27.Qc3 g6 28.Bc2 Rb4 29.a3 Rc4 30.Qd3
h5 31.Bb3 Rc8 32.Rd1 Rd8 33.Qd4 Rd7 34.e4 Qf4 35.e5 Qxd4 36.Rxd4
Ne8 37.Rxd5 Re7 38.f4 Ng7 39.Rd6 Nf5 40.Rxg6+ 1-0

[Event ""]
[Site ""]
[Date "????.??.??"]
[Round "7"]
[White "Êîçûðåâ Ñåðãåé"]
[Black "Êàðëñîí Âëàäèëåí"]
[Result "1/2-1/2"]
[WhiteElo "2135"]
[BlackElo "2227"]
[Annotator ""]
[Source ""]
[Remark ""]

1.c4 e5 2.Nc3 Nf6 3.e4 Bc5 4.g3 d6 5.h3 Nc6 6.Bg2 Be6 7.d3 Qd7
8.Be3 O-O-O 9.Qd2 Nd4 10.O-O-O Ne8 11.Nge2 Nxe2+ 12.Qxe2 Bxe3+
13.Qxe3 c5 14.f4 f6 15.Qf2 Kb8 16.Kb1 Nc7 17.h4 Bg4 18.Bf3 Bxf3
19.Qxf3 Ne6 20.Ne2 Rc8 21.f5 Nd4 22.Nxd4 cxd4 23.g4 h6 24.Rh2
Ka8 25.Rdd2 b5 26.b3 bxc4 27.dxc4 Qb7 28.Ka1 Qb4 29.Qd3 Rc5 30.Rhe2
Rb8 31.Rb2 a5 32.Qd2 a4 33.Qxb4 Rxb4 34.Red2 Ka7 35.Rd3 Ka6 36.Rg2
Ka5 37.g5 hxg5 38.hxg5 a3 39.gxf6 gxf6 40.Rg8 Rc6 41.Rh3 Rb7
42.Kb1 Rcc7 43.Kc2 Rg7 44.Ra8+ Ra7 45.Rxa7+ Rxa7 46.Rh8 Rg7 47.Ra8+
Kb4 48.Rb8+ Kc5 49.Rc8+ Kb6 50.b4 Rg3 51.c5+ Kb7 52.Rf8 Rc3+
53.Kd2 dxc5 54.bxc5 Kc6 55.Rxf6+ Kxc5 56.Re6 Rh3 57.f6 Rh2+ 58.Kd3
Rh3+ 59.Kd2 Rh2+ 60.Kd3 Rh3+ 1/2-1/2

[Event ""]
[Site ""]
[Date "????.??.??"]
[Round "7"]
[White "Øàðàôèåâ Àçàò"]
[Black "Ïîïåëûøåâ Èãîðü"]
[Result "1/2-1/2"]
[WhiteElo "2418"]
[BlackElo "2190"]
[Annotator ""]
[Source ""]
[Remark ""]

1.e4 c5 2.Nf3 Nf6 3.Nc3 Nc6 4.Bb5 Nd4 5.e5 Nxb5 6.Nxb5 Nd5 7.Ng5
f6 8.Qh5+ g6 9.Qf3 fxg5 10.Qxd5 e6 11.Nd6+ Bxd6 12.Qxd6 b6 13.d4
cxd4 14.Qxd4 Bb7 15.Be3 Bxg2 16.Rg1 Bf3 17.Bxg5 Qc7 18.Rg3 Rf8
19.Bf6 Qc6 20.Qb4 Rf7 21.c3 Rc8 22.Qf4 Bh5 23.f3 Qb5 24.O-O-O
Rc4 25.Qe3 d5 26.b3 Qc5 27.Qxc5 Rxc5 1/2-1/2

[Event ""]
[Site ""]
[Date "????.??.??"]
[Round "7"]
[White "Ìàñëîâ Ìèõàèë"]
[Black "Ìàëûãèí Àëåêñàíäð"]
[Result "1/2-1/2"]
[WhiteElo "2325"]
[BlackElo "2164"]
[Annotator ""]
[Source ""]
[Remark ""]

1.c4 e5 2.g3 d6 3.Bg2 g6 4.Nc3 Bg7 5.Nf3 f5 6.d3 Nf6 7.Rb1 a5
8.a3 O-O 9.O-O h6 10.b4 axb4 11.axb4 Qe8 12.Nd2 g5 13.Nd5 Nxd5
14.Bxd5+ Kh8 15.Bb2 Nc6 16.b5 Ne7 17.Bg2 f4 18.Ra1 Rxa1 19.Qxa1
Qh5 20.Re1 fxg3 21.fxg3 Bh3 22.Bxh3 Qxh3 23.Rf1 Rxf1+ 24.Nxf1
Qg4 25.Qa8+ Qc8 26.Qa7 Nf5 27.Kf2 Kh7 28.Ke1 h5 29.Nd2 b6 30.Qa6
Qb8 31.Ne4 Kg6 32.Qa2 Qc8 33.Qa6 Qb8 34.Bc1 g4 35.Nc3 h4 1/2-1/2

[Event ""]
[Site ""]
[Date "????.??.??"]
[Round "7"]
[White "Áåëèêîâ Þðèé"]
[Black "Øèòîâ ßðîñëàâ"]
[Result "1-0"]
[WhiteElo "2290"]
[BlackElo "2130"]
[Annotator ""]
[Source ""]
[Remark ""]

1.Nf3 d5 2.g3 c6 3.Bg2 Nf6 4.O-O Bf5 5.d3 e6 6.Nbd2 Be7 7.c4
O-O 8.Rb1 Nbd7 9.b4 a6 10.a4 h6 11.b5 axb5 12.axb5 c5 13.Qb3
Bh7 14.Bb2 Nb6 15.Ra1 Qc7 16.Bc3 dxc4 17.Nxc4 Nxc4 18.Qxc4 Nd5
19.Bb2 Rfd8 20.Nd2 Bf6 21.Bxf6 Nxf6 22.Nb3 Nd7 23.d4 Rxa1 24.Rxa1
Rc8 25.dxc5 Bf5 26.Rc1 e5 27.Bd5 Nf6 28.e4 Bh3 29.Qd3 Qd7 30.c6
bxc6 31.bxc6 Qg4 32.f3 Qg5 33.Qd2 Qh5 34.Qe3 Qg6 35.Nc5 Nh5 36.Kf2
Rxc6 37.Bxc6 Qxc6 38.Qb3 Qf6 39.Qd3 g5 40.Kg1 Ng7 41.Rb1 1-0

[Event ""]
[Site ""]
[Date "????.??.??"]
[Round "7"]
[White "Ñåìåíåíêî Ñåðãåé"]
[Black "Ìèøèí Àëåêñåé"]
[Result "1/2-1/2"]
[WhiteElo "2173"]
[BlackElo "2285"]
[Annotator ""]
[Source ""]
[Remark ""]

1.d4 d6 2.c4 e5 3.Nf3 e4 4.Nfd2 f5 5.e3 Nf6 6.Nc3 c6 7.d5 c5
8.f3 exf3 9.Nxf3 Be7 10.Bd3 O-O 11.O-O Ng4 12.Qc2 g6 13.e4 f4
14.e5 Nxe5 15.Nxe5 dxe5 16.Bxg6 h6 17.b3 Nd7 18.Ne4 Nf6 19.Nxf6+
Rxf6 20.Bb2 Bd6 21.Rae1 Qc7 22.Kh1 Bg4 23.Be4 Qg7 24.Bf3 Bf5
25.Be4 Bg4 26.Bf3 Bf5 27.Be4 Bd7 28.Re2 Qg5 29.Rfe1 Re8 30.Bc3
Bg4 31.Bf3 Bxf3 32.gxf3 1/2-1/2

[Event ""]
[Site ""]
[Date "????.??.??"]
[Round "7"]
[White "Áðóÿöêèé Åâãåíèé"]
[Black "Ñîêîëîâ Èãîðü"]
[Result "1-0"]
[WhiteElo "2168"]
[BlackElo "2281"]
[Annotator ""]
[Source ""]
[Remark ""]

1.d4 Nf6 2.c4 c5 3.d5 b5 4.cxb5 a6 5.bxa6 Bxa6 6.Nc3 d6 7.g3
g6 8.Bg2 Bg7 9.Nh3 Nbd7 10.O-O O-O 11.Nf4 Qc7 12.Rb1 Rfb8 13.b3
Qa5 14.Bd2 Ng4 15.Qc2 Qc7 16.h3 Nge5 17.Rfe1 Rb7 18.Rec1 Qb8
19.Ne4 Nf6 20.Nxf6+ Bxf6 21.Bc3 Rba7 22.a4 Rb7 23.Kh2 Nd7 24.Bxf6
Nxf6 25.g4 Rb4 26.e3 Nd7 27.Be4 Ne5 28.Bd3 Bxd3 29.Nxd3 Nxd3
30.Qxd3 Qb7 31.Kg3 Rb8 32.Rc3 Rxa4 33.bxa4 Qxb1 34.Qxb1 Rxb1
35.Ra3 Rb7 36.a5 g5 37.Kf3 Kg7 38.a6 Ra7 39.Ke4 e6 40.f4 Kf6
41.f5 Ke7 42.Ra1 e5 43.Kd3 Kd7 44.Kc4 Kc7 45.Kb5 Ra8 46.Ka5 f6
47.e4 Rc8 48.h4 h6 49.hxg5 hxg5 50.Rh1 Kb8 51.Rb1+ Ka7 52.Rb7+
Ka8 53.Rb6 Rd8 54.Rc6 Ka7 55.Rc7+ Ka8 56.Kb6 Kb8 57.Kc6 Ka8 58.Rb7
c4 59.Kc7 Rh8 60.Kxd6 Rc8 61.Kd7 Rc5 62.Ke7 c3 63.Rb1 1-0

[Event ""]
[Site ""]
[Date "????.??.??"]
[Round "7"]
[White "Êðàéíîâ Àëåêñåé"]
[Black "Ãèëåâ Äìèòðèé"]
[Result "1-0"]
[WhiteElo "2273"]
[BlackElo "2095"]
[Annotator ""]
[Source ""]
[Remark ""]

1.d4 d5 2.c4 Nc6 3.Nf3 Bg4 4.e3 e6 5.Nbd2 Nf6 6.Qa4 Bb4 7.Ne5
Bxd2+ 8.Bxd2 O-O 9.cxd5 exd5 10.Nxc6 bxc6 11.Bd3 Rb8 12.Qc2 Qd7
13.O-O Ne4 14.Be1 Bh5 15.Rc1 f5 16.b3 Be8 17.f3 Nd6 18.Bg3 Qe7
19.Be5 Bd7 20.Rf2 Rbe8 21.Qc5 Nf7 22.f4 Qxc5 23.Rxc5 Nxe5 24.dxe5
Kf7 25.Ra5 Ra8 26.Ba6 Rfb8 27.Rc2 Rb6 28.Kf2 Ke6 29.Bd3 Be8 30.h3
g6 31.Rc1 Rb4 32.Rc3 g5 33.a3 Rb6 34.g3 h6 35.b4 Rb7 36.Rc1 Rb6
37.Ke2 Rb7 38.Kd2 Rb6 39.Kc3 a6 40.Rf1 g4 41.hxg4 fxg4 42.Kd4
h5 43.f5+ Kf7 44.f6 Bd7 45.Rh1 Rh8 46.Rh4 Rh6 47.Rxa6 1-0

[Event ""]
[Site ""]
[Date "????.??.??"]
[Round "7"]
[White "Äàâûäÿíö Ýäóàðä"]
[Black "Êàìîâ Èãîðü"]
[Result "0-1"]
[WhiteElo "2034"]
[BlackElo "2253"]
[Annotator ""]
[Source ""]
[Remark ""]

1.e4 c5 2.Nf3 e6 3.d4 cxd4 4.Nxd4 a6 5.c4 Nf6 6.Nc3 d6 7.Be2
Be7 8.O-O O-O 9.Be3 Qc7 10.a3 b6 11.Rc1 Bb7 12.f3 Nbd7 13.b4
Rac8 14.Qb3 Qb8 15.Rfd1 Bd8 16.a4 Bc7 17.g3 h5 18.Bf2 Ne5 19.Nc2
h4 20.Ne3 Ng6 21.Kg2 Nh5 22.f4 Nf6 23.Bf3 Qa8 24.Qc2 Bb8 25.Qd3
Rfe8 26.Ng4 Nd7 27.Ne3 f5 28.Nc2 Nf6 29.exf5 Bxf3+ 30.Qxf3 h3+ 0-1

[Event ""]
[Site ""]
[Date "????.??.??"]
[Round "7"]
[White "Íîâèöêèé Ëåîíèä"]
[Black "Ãàëèåâ Àçàò"]
[Result "1-0"]
[WhiteElo "2369"]
[BlackElo "2073"]
[Annotator ""]
[Source ""]
[Remark ""]

1.e4 e5 2.Nc3 Bc5 3.g3 f5 4.exf5 Nf6 5.Bg2 d6 6.Nge2 O-O 7.O-O
c6 8.d4 exd4 9.Nxd4 Bxd4 10.Qxd4 Bxf5 11.Nd1 d5 12.Ne3 Be4 13.f3
Bg6 14.c4 dxc4 15.Qxc4+ Bf7 16.Qc3 Nd5 17.Nxd5 Bxd5 18.b3 Nd7
19.Bb2 Nf6 20.Rae1 Qd7 21.Qd4 a6 22.f4 Rfe8 23.Re5 Rxe5 24.fxe5
Bxg2 25.Qxd7 Nxd7 26.Kxg2 Nb6 27.e6 Re8 28.Rf7 Rxe6 29.Rxg7+
Kf8 30.Kf3 Re7 31.Rxe7 Kxe7 32.g4 Ke6 33.Ke4 a5 34.Bd4 Nd5 35.a4
c5 36.Bxc5 Nc3+ 37.Kd4 Na2 38.Bb6 Nb4 39.Ke4 Nc6 40.h4 Ne7 41.Bxa5 1-0

[Event ""]
[Site ""]
[Date "????.??.??"]
[Round "7"]
[White "Àðàêåëîâ Èëüÿ"]
[Black "Áûêîâ Åâãåíèé"]
[Result "1-0"]
[WhiteElo "2369"]
[BlackElo "2073"]
[Annotator ""]
[Source ""]
[Remark ""]

1.d4 Nf6 2.c4 c5 3.Nf3 cxd4 4.Nxd4 e5 5.Nb5 d5 6.cxd5 Bc5 7.g3
O-O 8.Bg2 Qb6 9.Qb3 Bxf2+ 10.Kf1 a6 11.N5c3 Nbd7 12.Qxb6 Bxb6
13.Nd2 Bc5 14.Nde4 Nxe4 15.Nxe4 b6 16.Nxc5 Nxc5 17.b4 Nd7 18.d6
Rb8 19.Be3 Bb7 20.Bxb7 Rxb7 21.Kg2 f5 22.Rhd1 Kf7 23.Rac1 Ke6
24.Rc6 h6 25.a4 g5 26.h3 Rg8 27.g4 f4 28.Bf2 Rd8 29.Kf3 Rh8 30.e3
Rf8 31.e4 Rd8 32.Rd3 Rdb8 33.Rd5 Rd8 34.Be1 Rdb8 35.Bc3 Rd8 36.Rd1
Rdb8 37.Rd3 Rd8 38.Rd5 Rdb8 39.Bb2 Rd8 40.Rc1 Rbb8 41.Rc6 Rb7 1-0

[Event ""]
[Site ""]
[Date "????.??.??"]
[Round "7"]
[White "Ðàêîâ Àíàòîëèé"]
[Black "Äåìèäîâ Àëåêñàíäð"]
[Result "1-0"]
[WhiteElo "2074"]
[BlackElo "2261"]
[Annotator ""]
[Source ""]
[Remark ""]

1.d4 d5 2.Nf3 Nf6 3.Bf4 e6 4.c3 Be7 5.h3 O-O 6.Nbd2 b6 7.e3 Bb7
8.Ne5 Nbd7 9.Qa4 Nxe5 10.dxe5 Nd7 11.Be2 a6 12.Qc2 c5 13.O-O
Qb8 14.Bh2 Nxe5 15.f4 Nd7 16.e4 Rd8 17.Rae1 Nf8 18.Bh5 c4 19.f5
e5 20.exd5 f6 21.Nxc4 Bxd5 22.Ne3 Bc5 23.Kh1 Bxe3 24.Rxe3 Ra7
25.Rd1 Rad7 26.Rdd3 Qb7 27.Kg1 Kh8 28.c4 Be4 29.Rxd7 Rxd7 1-0

[Event ""]
[Site ""]
[Date "????.??.??"]
[Round "7"]
[White "Óëÿøîâ Äìèòðèé"]
[Black "Ãîðèøíèé Þðèé"]
[Result "1-0"]
[WhiteElo "2256"]
[BlackElo "2066"]
[Annotator ""]
[Source ""]
[Remark ""]

1.e4 c5 2.Nf3 d6 3.d4 cxd4 4.Nxd4 Nf6 5.Nc3 Nc6 6.Bc4 e6 7.Bb3
a6 8.Be3 Be7 9.Qe2 Nxd4 10.Bxd4 O-O 11.O-O-O Qa5 12.f3 Nd7 13.Kb1
Nc5 14.Qe1 Qc7 15.Qg3 f6 16.Bxc5 Qxc5 17.f4 Kh8 18.f5 e5 19.h4
Bd7 20.h5 h6 21.Rh4 Bc6 22.Rg4 Rg8 23.Nd5 Bd8 24.Rg6 Bxd5 25.Bxd5
Ba5 26.Bxg8 Rxg8 27.a3 Qc6 28.Qd3 Rc8 29.g4 Bd8 30.g5 hxg5 31.h6
gxh6 32.Rh1 1-0